Horror Movie Franchises #30: The Toxic Avenger - Statistics

General Stats
  • This quiz has been taken 5 times
  • The average score is 2 of 5
Answer Stats
Movie % Correct
The Toxic Avenger
100%
Citizen Toxie: The Toxic Avenger IV
40%
The Toxic Avenger Part II
40%
The Toxic Avenger Part III: The Last Temptation of Toxie
40%
The Toxic Avenger 5: The Toxic Twins
0%
No matching quizzes found
Score Distribution
Percent of People with Each Score
Percentile by Number Answered
Your Score History
You have not taken this quiz